<?xml version="1.0" encoding="UTF-8"?>
<record
    xmlns:xsi="http://www.w3.org/2001/XMLSchema-instance"
    xsi:schemaLocation="http://www.loc.gov/MARC21/slim http://www.loc.gov/standards/marcxml/schema/MARC21slim.xsd"
    xmlns="http://www.loc.gov/MARC21/slim">

  <leader>02000nam a22002417a 4500</leader>
  <controlfield tag="008">251023b        |||||||| |||| 00| 0 eng d</controlfield>
  <datafield tag="020" ind1=" " ind2=" ">
    <subfield code="a">9781485130499</subfield>
  </datafield>
  <datafield tag="040" ind1=" " ind2=" ">
    <subfield code="c">tbs</subfield>
  </datafield>
  <datafield tag="041" ind1=" " ind2=" ">
    <subfield code="a">eng</subfield>
  </datafield>
  <datafield tag="050" ind1=" " ind2=" ">
    <subfield code="a">HD30.215</subfield>
    <subfield code="b">.W44 2020</subfield>
  </datafield>
  <datafield tag="100" ind1=" " ind2=" ">
    <subfield code="a">Wegner, Trevor</subfield>
    <subfield code="9">26285</subfield>
    <subfield code="e">author</subfield>
  </datafield>
  <datafield tag="245" ind1=" " ind2=" ">
    <subfield code="a">Applied business statistics</subfield>
    <subfield code="b">: methods and excel-based applications</subfield>
    <subfield code="c">/  Trevor Wegner.</subfield>
  </datafield>
  <datafield tag="250" ind1=" " ind2=" ">
    <subfield code="a">Fifth edition.</subfield>
  </datafield>
  <datafield tag="260" ind1=" " ind2=" ">
    <subfield code="a">Cape Town :</subfield>
    <subfield code="b">Juta &amp; Company,</subfield>
    <subfield code="c">2020.</subfield>
  </datafield>
  <datafield tag="300" ind1=" " ind2=" ">
    <subfield code="a">554 pages :</subfield>
    <subfield code="b">illustrations, tables, charts (black and white) ;</subfield>
    <subfield code="c">25 cm.</subfield>
  </datafield>
  <datafield tag="520" ind1=" " ind2=" ">
    <subfield code="a">The text emphasises four themes to support evidence-based management decision making:
1. Setting the statistical landscape in a management context
2. Interpretative decision making based on patterns revealed by exploratory data analyses
3. Statistical decision making guided by the test-based findings of inferential analyses
4. Predictive decision making using statistical modelling evidence. The thread that links them is the role of data analytics as a management decision-support tool.
This fifth edition builds on the strengths of the fourth edition by:
- Highlighting newer trends in statistical applications in management practice
- Strengthening the Excel-based generation of statistical evidence using a custom-built software product, called X-Static
- Enhancing the graphic visualisation of statistical evidence. Target market:
- Undergraduate students of Management at universities (BCom, BAcc, etc)
- Management diploma students working towards professional qualifications at institutions such as the IMM, CSSA, CIMA, IAC, etc.
- Postgraduate students (MBA and PGDip) of Management at business schools.</subfield>
  </datafield>
  <datafield tag="630" ind1=" " ind2="0">
    <subfield code="a">&#x200B;&#x200B;B1 Business Analytics and Data Visualization&#x200B; (BiM)</subfield>
    <subfield code="9">26598</subfield>
  </datafield>
  <datafield tag="650" ind1=" " ind2="0">
    <subfield code="a">Commercial statistics</subfield>
    <subfield code="9">26286</subfield>
  </datafield>
  <datafield tag="650" ind1=" " ind2="0">
    <subfield code="a">Decision making</subfield>
    <subfield code="x">Statistical methods</subfield>
    <subfield code="9">10045</subfield>
  </datafield>
  <datafield tag="650" ind1=" " ind2="0">
    <subfield code="a">Industrial management</subfield>
    <subfield code="x">Statistical methods</subfield>
    <subfield code="9">23174</subfield>
  </datafield>
  <datafield tag="650" ind1=" " ind2="0">
    <subfield code="a">Microsoft Excel (Computer file)</subfield>
    <subfield code="9">898</subfield>
  </datafield>
  <datafield tag="942" ind1=" " ind2=" ">
    <subfield code="2">lcc</subfield>
  </datafield>
  <datafield tag="952" ind1=" " ind2=" ">
    <subfield code="0">0</subfield>
    <subfield code="1">0</subfield>
    <subfield code="2">lcc</subfield>
    <subfield code="4">0</subfield>
    <subfield code="7">0</subfield>
    <subfield code="8">CT</subfield>
    <subfield code="a">TBS</subfield>
    <subfield code="b">TBS</subfield>
    <subfield code="d">2025-10-23</subfield>
    <subfield code="l">1</subfield>
    <subfield code="o">HD30.215 WEG</subfield>
    <subfield code="p">B05709</subfield>
    <subfield code="r">2026-03-10</subfield>
    <subfield code="s">2026-01-13</subfield>
    <subfield code="t">1</subfield>
    <subfield code="w">2025-10-23</subfield>
    <subfield code="y">1</subfield>
  </datafield>
  <datafield tag="952" ind1=" " ind2=" ">
    <subfield code="0">0</subfield>
    <subfield code="1">0</subfield>
    <subfield code="2">lcc</subfield>
    <subfield code="4">0</subfield>
    <subfield code="7">0</subfield>
    <subfield code="8">CT</subfield>
    <subfield code="a">TBS</subfield>
    <subfield code="b">TBS</subfield>
    <subfield code="d">2025-10-23</subfield>
    <subfield code="l">0</subfield>
    <subfield code="o">HD30.215 WEG</subfield>
    <subfield code="p">B05708</subfield>
    <subfield code="r">2025-10-23</subfield>
    <subfield code="t">2</subfield>
    <subfield code="w">2025-10-23</subfield>
    <subfield code="y">1</subfield>
  </datafield>
  <datafield tag="999" ind1=" " ind2=" ">
    <subfield code="c">5094</subfield>
    <subfield code="d">5094</subfield>
  </datafield>
</record>
